No eran caníbales: notas sobre el terremoto de Haití /
Збережено в:
| Автор: | |
|---|---|
| Формат: | Книга |
| Мова: | Spanish |
| Теги: |
Додати тег
Немає тегів, Будьте першим, хто поставить тег для цього запису!
|
MARC
| LEADER | 00000nam a22000007a 4500 | ||
|---|---|---|---|
| 003 | cru CIDCACS/IIS | ||
| 005 | 20190118152854.0 | ||
| 007 | ta | ||
| 008 | 190118s2010 mx |||p|r||||||0| ||spa|d | ||
| 999 | |c 42074 |d 42074 | ||
| 040 | |c cru CIDCACS/IIS | ||
| 100 | 1 | |9 8235 |a Pérez, Antonio | |
| 245 | 1 | |a No eran caníbales: |b notas sobre el terremoto de Haití / |c Antonio Pérez | |
| 300 | |a páginas 20-26: |b tabla | ||
| 773 | 0 | |0 42054 |9 2610 |a Centro de Estudios del Movimiento Obrero y Socialista (México) |d México D.F: CEMOS |o 17705 |t Memoria = |x 01861395 | |
| 942 | |2 ddc |c PP | ||
